000 01097nam a22002537a 4500
005 20110913152830.0
008 110913t xxu||||| |||| 00| 0 mar d
010 _aMAR-21444
020 _c70.00
035 _aMR-14102
037 _bDBAD/PUB
040 _aDPL
_bMR
082 _a891.463
100 _934729
_aगज्वी,प्रेमानंद
245 _aजागर /
_cप्रेमानंद गज्वी
246 _aJagar
_bby Premanand Gajavi
260 _aनागपूर
_bविजय प्रकाशन
_c2008
270 _bनागपूर
_aहनुमान गल्ली,सीताबर्डी
_e440012
300 _a76पृ.
_c21सेमी(अजिल्द)
650 _aमराठी कादंबरी
_935546
650 _aMarathi Fiction
_935547
942 _2ddc
_cMR
_mगज्वीप्रे
_h891.463
999 _c57720
_d57720